I Congreso sobre el Juego y el Juguete
Descripción Física:
[22] p. ; 22 cm
MARC
| LEADER | 00000nam a2200000Ia 4500 | ||
|---|---|---|---|
| 001 | 19147 | ||
| 008 | 160829s1976 xx 000 0 cat d | ||
| 080 | |a FU-2-58 | ||
| 100 | |a Congreso sobre el Juego y el Juguete (1a : 1976 : Barcelona) |9 48001 | ||
| 245 | |a I Congreso sobre el Juego y el Juguete | ||
| 260 | |a Barcelona : |b Gráficas Aribau, |c 1976 | ||
| 300 | |a [22] p. ; |c 22 cm | ||
| 590 | |a És el programa i el butlletí d'inscripció del Congrés celebrat al Palau de Congressos els dies 8, 9 i 10 de maig de 1976. | ||
| 590 | |a Prové de S-321 | ||
| 650 | |a Jocs |x Congressos |9 48002 | ||
| 650 | |a Joguines |x Congressos |9 48003 | ||
| 901 | |a Arxiu | ||
| 942 | |n 1 | ||
| 952 | |0 0 |1 0 |4 0 |6 FU258 |7 1 |9 54268 |a Arxiu |b Arxiu |d 2016-12-01 |l 0 |o FU-2-58 |p 19147 |r 2016-12-01 00:00:00 |w 2016-12-01 |y ARXIU | ||
| 999 | |c 58137 |d 58137 | ||